| 000 | 00466nam a22001937a 4500 | ||
|---|---|---|---|
| 003 | MPLRDC | ||
| 005 | 20220104161351.0 | ||
| 008 | 210129b ||||| |||| 00| 0 eng d | ||
| 020 | _a7-5086-0622-1 | ||
| 082 | _a859.9 LYF v.3 | ||
| 100 | _a李元馥 | ||
| 245 |
_a漫话瑞士 _c |
||
| 250 | _a二版一刷 | ||
| 260 |
_a中国 _b中信出版社 _c2006 |
||
| 300 | _b平 | ||
| 490 | _a漫话各国历史系列 | ||
| 650 | _a漫画 | ||
| 942 |
_cBK _o859.9 LYF v.3 |
||
| 999 |
_c55449 _d55439 |
||